Tạp chí Luật sư Việt Nam = Viet Nam lawyer journal Số 6

Trong số này trình bày giải pháp nâng cao chất lượng đào tạo nghề luật sư giai đoạn 2021-2030, định tội danh về hành vi giết người và cố ý gây thương tích, báo chí Việt Nam hiện đại,...

Αποθηκεύτηκε σε:
Λεπτομέρειες βιβλιογραφικής εγγραφής
Μορφή: Βιβλίο
Γλώσσα:Vietnamese
Έκδοση: H. Liên đoàn Luật sư Việt Nam 2021
Θέματα:
Ετικέτες: Προσθήκη ετικέτας
Δεν υπάρχουν, Καταχωρήστε ετικέτα πρώτοι!
Thư viện lưu trữ: Thư viện Trường Đại học Nam Cần Thơ
LEADER 01052nam a22002177a 4500
001 NCT_128935
008 220524b xxu||||| |||| 00| 0 vie d
999 |c 6610  |d 6610 
022 |a 2354-0664 
041 |a vie 
082 0 4 |2 23rd ed.  |a 340  |b T109C 
245 0 0 |a Tạp chí Luật sư Việt Nam =   |b Viet Nam lawyer journal  |n Số 6  |c Liên đoàn Luật sư Việt Nam 
260 |a H.  |b Liên đoàn Luật sư Việt Nam  |c 2021 
300 |c 27cm 
310 |a Hàng tháng 
362 |a 06/2021 
520 3 |a Trong số này trình bày giải pháp nâng cao chất lượng đào tạo nghề luật sư giai đoạn 2021-2030, định tội danh về hành vi giết người và cố ý gây thương tích, báo chí Việt Nam hiện đại,... 
655 |a Tạp chí 
942 |2 ddc  |c CR 
952 |0 0  |1 0  |2 ddc  |4 0  |6 340_000000000000000_T109C  |7 0  |9 24482  |a 000001  |b 000001  |d 2022-05-30  |o 340 T109C  |r 2022-05-30  |w 2022-05-30  |y CR 
980 |a Thư viện Trường Đại học Nam Cần Thơ